000 00578nam a2200193Ia 4500
008 140221t2012 xxu||||| |||| 00| 0 sin d
041 _asin
080 _a8-31
_bMOR
100 _aMorris,Edita
245 _aහිරෝෂිමාවේ කඳුළු
246 _aHiroshimawe Kadulu
260 _aPlatform For Alternate Culture
_aNugegoda
_c2012
300 _b107p, 21 cm
500 _aSinhalese transhlation Of Edita Morris Of'The Seeds Of Hiroshima
700 _aRahubadda,Sumithra
_etr.
942 _cBK
999 _c42564
_d42564
003 LK-CoDNM
040 _aLK-CoDNM
_dLK-CoDNM
_eLK-CoDNM